000 00691nam a2200241Ia 4500
003 OSt
005 20220918191825.0
006 a|||||r|||| 00| 0
007 ta
008 220917b |||||||| |||| 00| 0 eng d
024 _a65,316
037 _cTextual
040 _aARTS
_cARTS
_beng
041 _2eng
_aeng
082 _aQ8441:35, N5
100 _aGill Nirmal Singh
_977298
245 0 _aMoksha (salvation)
_b as interpreted in Guru Nanak's bani and ancient Indian thought
260 _aChandigarh
_bArun Pub House India
_c1995
300 _a144p.
_ccm.
650 _aRELIGION
942 _hQ8441:35, N5
_cTEXL
_2CC
999 _c191565
_d191565